| 000 | 00651nam a2200229 a 4500 | ||
|---|---|---|---|
| 005 | 20241012063722.0 | ||
| 008 | 010925s1974 r 000 0 eng d | ||
| 035 | _aUPN01000112030 | ||
| 049 | _aCG | ||
| 050 | 4 |
_aRC533 _bD4.78 |
|
| 100 | 1 | _aDesoille, Robert | |
| 245 | 1 | 3 |
_aEl caso María Clotilde : _bpsicoterapia del ensueño dirigido / _cRobert Desoille ; tr. José Castelló. |
| 260 |
_aBuenos Aires : _bAmorrortu, _c1974. |
||
| 300 | _a235 p. | ||
| 440 | 0 | _aBiblioteca de psicología | |
| 650 | 4 |
_aPsicoterapia _98720 |
|
| 650 | 0 |
_aSueños _91571 |
|
| 650 | 4 |
_aNEUROSIS _99378 |
|
| 901 | _a183850 | ||
| 902 | _aMITM/dmcv | ||
| 905 | _aLibro | ||
| 999 |
_c85938 _d85938 |
||